| 000 | 00308nam a22001217a 4500 | ||
|---|---|---|---|
| 040 | _cFIZZA ISHAQ | ||
| 082 |
_a624.18 _bSHA |
||
| 100 |
_aSOMAYAJI, SHAN. _986298 |
||
| 245 |
_aCIVIL ENGINEERING MATERIALS / _cSHAN SOMAYAJI. |
||
| 260 |
_aNEW DEHLI : _bPEARSON, _c2001. |
||
| 300 | _a477 P. ; | ||
| 942 |
_2ddc _cBK |
||
| 999 |
_c587284 _d587284 |
||